Government and politics of Tibet (Record no. 1851417)

MARC details
000 -LEADER
fixed length control field 00543nam a22002057a 4500
005 - DATE AND TIME OF LATEST TRANSACTION
control field 20260514114549.0
008 - FIXED-LENGTH DATA ELEMENTS--GENERAL INFORMATION
fixed length control field 260514b |||||||| |||| 00| 0 eng d
037 ## - SOURCE OF ACQUISITION
Terms of availability TB
040 ## - CATALOGING SOURCE
Original cataloging agency AL
Transcribing agency AL
041 ## - LANGUAGE CODE
Source of code eng
Language code of text/sound track or separate title eng
084 ## - COLON CLASSIFICATION NUMBER
Classification number V498.N5
Assigning agency AL
100 ## - MAIN ENTRY--PERSONAL NAME
Personal name Ram Rahul
245 ## - TITLE STATEMENT
Title Government and politics of Tibet
260 ## - PUBLICATION, DISTRIBUTION, ETC.
Place of publication, distribution, etc. Delhi, India:
Name of publisher, distributor, etc. Vikas Publications,
Date of publication, distribution, etc. 1969.
300 ## - PHYSICAL DESCRIPTION
Extent 160p.
650 ## - SUBJECT ADDED ENTRY--TOPICAL TERM
Source of heading or term Tibet-History
650 ## - SUBJECT ADDED ENTRY--TOPICAL TERM
Source of heading or term History
942 ## - ADDED ENTRY ELEMENTS (KOHA)
Source of classification or shelving scheme Colon Classification (CC)
Koha item type Textbook
Classification part V498.N5
Suppress in OPAC No
Holdings
Withdrawn status Lost status Source of classification or shelving scheme Damaged status Not for loan Home library Current library Date acquired Total Checkouts Full call number Barcode Date last seen Price effective from Koha item type
    Colon Classification (CC)     Central Library Central Library 2026-05-14   V498.N5 K9 AL0279449 2026-05-14 2026-05-14 Textbook
Copyright @ Delhi University Library System